[Event "SV Welper 2 - SG Drewer 1"]
[Site "Verbandsklasse, Gruppe 1 2017"]
[Date "2018.02.25"]
[Round "7.1"]
[White "Mittmann, Volker"]
[Black "Teich, Udo"]
[Result "1/2-1/2"]
[WhiteElo "1914"]
[BlackElo "1910"]
[PlyCount "38"]
[EventDate "2018.??.??"]

1. e4 e6 2. d4 d5 3. Nc3 Bb4 4. exd5 exd5 5. Bd3 Nc6 6. a3 Be7 7. Nge2 Bf6 8.
Be3 Nge7 9. O-O Bf5 10. Ng3 Bxd3 11. Qxd3 a6 12. Nh5 Qd7 13. Rfe1 O-O-O 14. Na4
Qf5 15. Qxf5+ Nxf5 16. Nxf6 gxf6 17. c3 Rhg8 18. Kh1 b6 19. b4 Nh4 1/2-1/2

[Event "SV Welper 2 - SG Drewer 1"]
[Site "Verbandsklasse, Gruppe 1 2017"]
[Date "2018.02.25"]
[Round "7.2"]
[White "Sharma, Danesh"]
[Black "Nebel, Uwe"]
[Result "1/2-1/2"]
[WhiteElo "1863"]
[BlackElo "1849"]
[PlyCount "54"]
[EventDate "2018.??.??"]

1. e4 e6 2. d4 d5 3. Nc3 dxe4 4. Nxe4 Bd7 5. Nf3 Bc6 6. Bd3 Nd7 7. O-O Ngf6 8.
Qe2 Nxe4 9. Bxe4 Bxe4 10. Qxe4 c6 11. Ne5 Nxe5 12. dxe5 Qd5 13. Qxd5 cxd5 14.
Be3 a6 15. Rfd1 Rc8 16. Rac1 Bc5 17. Rd3 Bxe3 18. Rxe3 Ke7 19. Rg3 g6 20. Rb3
Rc7 21. Rb4 Rd8 22. Kf1 Rdd7 23. Ke2 Rc4 24. Rxc4 dxc4 25. Ke3 Rd5 26. f4 Kd7
27. g4 Kc6 1/2-1/2

[Event "SV Welper 2 - SG Drewer 1"]
[Site "Verbandsklasse, Gruppe 1 2017"]
[Date "2018.02.25"]
[Round "7.3"]
[White "Uhlich, Wilfried"]
[Black "Leimkuehler, Dirk"]
[Result "1/2-1/2"]
[WhiteElo "1831"]
[BlackElo "1813"]
[PlyCount "44"]
[EventDate "2018.??.??"]

1. d4 f5 2. e4 fxe4 3. Nc3 g6 4. Nxe4 Nf6 5. Nxf6+ exf6 6. Be3 Bg7 7. Qd2 O-O
8. Bd3 Nc6 9. Ne2 f5 10. c3 d6 11. O-O Bd7 12. Bh6 Qf6 13. Bxg7 Kxg7 14. Nf4
Ne7 15. Rfe1 c6 16. Re3 Qf7 17. Rae1 Rae8 18. h4 Nd5 19. Bc4 b5 20. Bxd5 cxd5
21. g3 h6 22. a3 Rh8 1/2-1/2

[Event "SV Welper 2 - SG Drewer 1"]
[Site "Verbandsklasse, Gruppe 1 2017"]
[Date "2018.02.25"]
[Round "7.4"]
[White "Wallhof, Dieter"]
[Black "Schaefer, Martin"]
[Result "0-1"]
[WhiteElo "1887"]
[BlackElo "1740"]
[PlyCount "70"]
[EventDate "2018.??.??"]

1. b3 e5 2. Bb2 Nc6 3. c4 d6 4. Nc3 g6 5. e3 Bg7 6. Nge2 Nge7 7. g3 O-O 8. Bg2
Be6 9. d4 exd4 10. exd4 d5 11. c5 Qd7 12. h3 Rae8 13. Kf1 Nf5 14. Na4 Nd8 15.
Qd2 c6 16. Qa5 a6 17. Rd1 Re7 18. Bc1 f6 19. Nf4 Bf7 20. Bf3 Ne6 21. Bg4 Nxf4
22. Bxf4 h5 23. Bf3 g5 24. Bc1 Rfe8 25. Kg2 Nh6 26. Kh2 g4 27. hxg4 hxg4 28.
Bg2 Re2 29. Kg1 Qf5 30. Rf1 Qg6 31. Qc7 R8e7 32. Qd8+ Be8 33. Qa5 Rxa2 34. Qc3
Ree2 35. Be3 Nf5 0-1

[Event "SV Welper 2 - SG Drewer 1"]
[Site "Verbandsklasse, Gruppe 1 2017"]
[Date "2018.02.25"]
[Round "7.5"]
[White "Schaepers, Lars"]
[Black "Sharma, Rakesh"]
[Result "1-0"]
[WhiteElo "1715"]
[BlackElo "1858"]
[PlyCount "69"]
[EventDate "2018.??.??"]

1. d4 c6 2. c4 d5 3. Nc3 Nf6 4. Nf3 g6 5. Bf4 Bg7 6. e3 O-O 7. Rc1 a6 8. Qb3
dxc4 9. Bxc4 b5 10. Be2 Be6 11. Qc2 Nd5 12. Nxd5 Bxd5 13. O-O Qb6 14. Rfd1 Nd7
15. e4 Be6 16. Qxc6 Qxc6 17. Rxc6 Bxa2 18. Ra1 Bc4 19. Bxc4 bxc4 20. Rxc4 Rfc8
21. Rac1 Nb6 22. Rxc8+ Rxc8 23. Rxc8+ Nxc8 24. Kf1 Kf8 25. Ke2 Nd6 26. Kd3 Ke8
27. Bxd6 exd6 28. Kc4 Kd7 29. Kd5 f6 30. Nd2 Bh6 31. Nc4 Bc1 32. b3 h5 33. h3
h4 34. Nxd6 Bf4 35. Nb7 1-0

[Event "SV Welper 2 - SG Drewer 1"]
[Site "Verbandsklasse, Gruppe 1 2017"]
[Date "2018.02.25"]
[Round "7.6"]
[White "Kleff, Tim"]
[Black "Pennig, Felix"]
[Result "0-1"]
[WhiteElo "1770"]
[BlackElo "1704"]
[Annotator "Daniel"]
[PlyCount "103"]
[EventDate "2018.??.??"]

1. d4 Nf6 2. c4 e6 3. Nc3 Bb4 4. a3 Bxc3+ 5. bxc3 c5 6. Qc2 Nc6 7. Nf3 d6 8. e4
e5 9. d5 Na5 10. Bg5 b6 11. Be2 Ba6 12. Nd2 O-O 13. Qd3 Re8 14. Qg3 Kh8 15. Qh4
h6 16. O-O Kg8 17. Be3 Nh7 18. Qg3 Qf6 19. Rac1 Qg6 20. Qh4 Ng5 21. Bh5 Qf6 22.
Be2 Bxc4 23. Bxg5 hxg5 24. Qg4 Bxe2 25. Qxe2 g6 26. Qg4 Qf4 27. Qe2 Kg7 28. g3
Qf6 29. Kg2 Rh8 30. Nf3 Rh5 31. h4 gxh4 32. Nxh4 Rah8 33. Rh1 Kf8 34. Qa6 $11
Qe7 35. Rcf1 Qb7 36. Qe2 Ke8 37. Qf3 Qd7 38. Qf6 Qe7 39. Qf3 Qg5 40. Nxg6 Qxg6
41. Qe2 Rxh1 42. Rxh1 Rxh1 43. Kxh1 c4 44. Kg2 Kd7 45. f3 Qg5 46. Qe1 Nb3 47.
Qf1 Qd2+ 48. Kh3 Qxc3 49. Kh4 Nd4 50. Qh3+ Kc7 51. Qg4 Qxf3 52. Qg5 0-1

[Event "SV Welper 2 - SG Drewer 1"]
[Site "Verbandsklasse, Gruppe 1 2017"]
[Date "2018.02.25"]
[Round "7.7"]
[White "Mittmann, Sebastian"]
[Black "Olf, Hans-Helmut"]
[Result "0-1"]
[WhiteElo "1627"]
[BlackElo "1991"]
[PlyCount "90"]
[EventDate "2018.??.??"]

1. d4 Nf6 2. Nf3 g6 3. e3 Bg7 4. b3 c5 5. Bb2 Ne4 6. Bd3 Qa5+ 7. c3 d5 8. O-O
Nc6 9. Qc2 cxd4 10. exd4 Nd6 11. Nbd2 O-O 12. Rfe1 Bf5 13. a4 Rac8 14. Bxf5
Nxf5 15. Qd3 e6 16. Qb5 Nd6 17. Qxa5 Nxa5 18. Ba3 Rfd8 19. Rac1 b6 20. Rc2 Ne4
21. Bb4 Nxd2 22. Nxd2 Nc6 23. Rec1 Nxb4 24. cxb4 Rxc2 25. Rxc2 Bxd4 26. Nf3 Bf6
27. Rc7 a5 28. bxa5 bxa5 29. Rc5 Ra8 30. Kf1 Be7 31. Rc7 Kf8 32. Ke2 Bd8 33.
Rb7 Rc8 34. Kd3 Kg7 35. Ne5 Rc7 36. Rb5 f6 37. Ng4 Rd7 38. b4 axb4 39. Rxb4 e5
40. f3 e4+ 41. Ke2 h5 42. Nf2 f5 43. Ke3 d4+ 44. Ke2 d3+ 45. Kd1 e3 0-1

[Event "SV Welper 2 - SG Drewer 1"]
[Site "Verbandsklasse, Gruppe 1 2017"]
[Date "2018.02.25"]
[Round "7.8"]
[White "Krummsdorf, Sven"]
[Black "Ritter, Wolfgang"]
[Result "0-1"]
[WhiteElo "1758"]
[BlackElo "1479"]
[PlyCount "71"]
[EventDate "2018.??.??"]

1. d4 d5 2. e3 e6 3. c4 c6 4. Nc3 Nf6 5. Bd3 Bb4 6. a3 Bxc3+ 7. bxc3 Nbd7 8.
Nf3 O-O 9. O-O Qc7 10. Qc2 e5 11. cxd5 cxd5 12. dxe5 Nxe5 13. Nxe5 Qxe5 14. Bb2
Ng4 15. g3 Qh5 16. h4 Ne5 17. Be2 Nf3+ 18. Kg2 Bg4 19. Rh1 Ne5 20. Bxg4 Qxg4
21. h5 Rac8 22. Rh4 Qf3+ 23. Kg1 Ng4 24. Rf1 Nxe3 25. fxe3 Qxg3+ 26. Qg2 Qxh4
27. c4 f6 28. Rf4 Qg5 29. Rg4 Qxe3+ 30. Kh2 Qh6 31. Bc1 Qxh5+ 32. Kg1 g6 33.
Qe2 Qe5 34. Qg2 Rxc4 35. Rxg6+ Kh8 36. Bd2 0-1

[Event "Rochade Steele/Kray 1 - SV Horst-Emsche"]
[Site "Verbandsklasse, Gruppe 2 2017"]
[Date "2018.02.25"]
[Round "7.1"]
[White "Patzer, Joerg"]
[Black "Happe, Ulrich"]
[Result "0-1"]
[WhiteElo "1867"]
[BlackElo "2116"]
[PlyCount "62"]
[EventDate "2018.??.??"]

1. d4 Nf6 2. Nf3 g6 3. g3 Bg7 4. Bg2 O-O 5. O-O d5 6. b3 c5 7. e3 Nc6 8. Bb2
Ne4 9. Nbd2 Bg4 10. h3 Bxf3 11. Nxf3 e6 12. a3 b5 13. c3 c4 14. b4 a5 15. Qc2
Qc7 16. Nd2 f5 17. Kh2 axb4 18. axb4 Rxa1 19. Bxa1 Bh6 20. f4 g5 21. Bb2 Ra8
22. Nxe4 dxe4 23. Bc1 Ne7 24. Kg1 Nd5 25. Bxe4 fxe4 26. Qxe4 Re8 27. fxg5 Qxg3+
28. Qg2 Qxg2+ 29. Kxg2 Bxg5 30. Rf3 Re7 31. Bd2 Rg7 0-1

[Event "Rochade Steele/Kray 1 - SV Horst-Emsche"]
[Site "Verbandsklasse, Gruppe 2 2017"]
[Date "2018.02.25"]
[Round "7.2"]
[White "Landau, Christian"]
[Black "Rebentisch, Tom"]
[Result "0-1"]
[WhiteElo "2040"]
[BlackElo "1957"]
[Annotator "Daniel"]
[PlyCount "90"]
[EventDate "2018.??.??"]

1. Nf3 d5 2. g3 Nf6 3. Bg2 g6 4. O-O Bg7 5. d4 O-O 6. c4 c6 7. b3 Bf5 8. Bb2
Qc8 9. Re1 Ne4 10. Nc3 Na6 11. cxd5 Nxc3 12. Bxc3 cxd5 13. Rc1 Qd7 14. Ne5 Qd6
15. Qd2 Rac8 16. g4 Be6 17. h3 f5 18. f4 b5 19. g5 b4 20. Bb2 Nb8 21. Rxc8 Rxc8
22. Rc1 Rxc1+ 23. Qxc1 Bxe5 24. dxe5 Qb6+ 25. e3 Nc6 26. Qd2 Qc5 27. Kf2 Bf7
28. e6 Bxe6 29. Ba1 Bf7 30. Qb2 e5 31. fxe5 Be6 32. Qd2 f4 33. Bd4 fxe3+ 34.
Kxe3 $11 Nxd4 35. Qxd4 Qc3+ 36. Qd3 Qxe5+ 37. Kf2 Qxg5 38. Qd4 a5 39. Qb6 Qf5+
40. Kg3 Qe5+ 41. Kf2 d4 42. Qd8+ Kf7 43. Kg1 Qg3 44. Qxd4 Bxh3 45. Qd5+ Kg7 0-1

[Event "Rochade Steele/Kray 1 - SV Horst-Emsche"]
[Site "Verbandsklasse, Gruppe 2 2017"]
[Date "2018.02.25"]
[Round "7.3"]
[White "Tobczewski, Peter"]
[Black "Greger, Helmut"]
[Result "1-0"]
[WhiteElo "1866"]
[BlackElo "1950"]
[PlyCount "105"]
[EventDate "2018.??.??"]

1. e4 g6 2. d4 Bg7 3. Bc4 d6 4. Nf3 Nf6 5. e5 dxe5 6. Nxe5 O-O 7. O-O Nbd7 8.
f4 c6 9. Be3 Nb6 10. Nd2 Nfd5 11. Qe2 Nxc4 12. Ndxc4 Nxe3 13. Qxe3 Be6 14. b3
Qd5 15. Rad1 Rac8 16. Qf3 Qxf3 17. Nxf3 Rfd8 18. Rfe1 Bf6 19. Nce5 Rd6 20. Re2
Bxe5 21. Rxe5 Rc7 22. Rde1 h6 23. c3 Kf8 24. Nh4 Bc8 25. h3 Rf6 26. Rf1 h5 27.
f5 g5 28. Nf3 g4 29. hxg4 hxg4 30. Ng5 Rh6 31. Rf4 f6 32. Ne6+ Bxe6 33. Rxe6
Rh5 34. Kf2 Kf7 35. Re1 Rc8 36. Kg3 Rg5 37. Rh1 Rd8 38. Rh4 Rd5 39. Rh7+ Kf8
40. Re4 Rd7 41. Rh8+ Kf7 42. Kf4 b6 43. c4 a6 44. Ra8 a5 45. Rb8 b5 46. cxb5 c5
47. dxc5 Rd5 48. c6 Rdxf5+ 49. Kg3 Rc5 50. Rc4 Rxc4 51. bxc4 Rc5 52. Rc8 Rxc4
53. b6 1-0

[Event "Rochade Steele/Kray 1 - SV Horst-Emsche"]
[Site "Verbandsklasse, Gruppe 2 2017"]
[Date "2018.02.25"]
[Round "7.4"]
[White "Kirsch, Paul"]
[Black "Verfuerth, Christian"]
[Result "1-0"]
[WhiteElo "1923"]
[BlackElo "1877"]
[PlyCount "93"]
[EventDate "2018.??.??"]

1. d4 e6 2. Nf3 f5 3. g3 Nf6 4. Bg2 d5 5. O-O Bd6 6. Bf4 Bxf4 7. gxf4 O-O 8.
Ne5 Nbd7 9. c4 c6 10. Nc3 Nxe5 11. fxe5 Ne4 12. cxd5 exd5 13. f3 Nxc3 14. bxc3
f4 15. Kh1 Qh4 16. Qe1 Qh6 17. Rf2 Be6 18. Qg1 Rac8 19. Rff1 Rf5 20. Rf2 Rcf8
21. Bf1 Rc8 22. Rg2 Rf7 23. Rg5 c5 24. dxc5 Rfc7 25. Rb1 g6 26. Rb5 Bd7 27. Ra5
a6 28. e6 Bxe6 29. Re5 Bf7 30. Qd4 Qf8 31. Bh3 Re8 32. Qxf4 Rxe5 33. Qxe5 Re7
34. Qd6 Rxe2 35. Qxf8+ Kxf8 36. Bc8 Rb2 37. Ra3 Ke7 38. Rb3 Rxa2 39. Rxb7+ Kf8
40. c6 Rc2 41. Bh3 d4 42. c7 Rxc3 43. Rb8+ Ke7 44. c8=Q Rxc8 45. Bxc8 d3 46.
Bxa6 d2 47. Be2 1-0

[Event "Rochade Steele/Kray 1 - SV Horst-Emsche"]
[Site "Verbandsklasse, Gruppe 2 2017"]
[Date "2018.02.25"]
[Round "7.5"]
[White "Schreiner, Paulo"]
[Black "Ophoven, Hermann"]
[Result "1/2-1/2"]
[WhiteElo "1781"]
[BlackElo "1732"]
[PlyCount "38"]
[EventDate "2018.??.??"]

1. d4 g6 2. c4 Bg7 3. Nc3 d6 4. e4 Nf6 5. Nf3 O-O 6. Be2 c5 7. O-O cxd4 8. Nxd4
Nc6 9. Be3 Bd7 10. Qd2 a6 11. Rac1 Nxd4 12. Bxd4 b5 13. f3 b4 14. Nd5 Nxd5 15.
Bxg7 Kxg7 16. cxd5 Qb6+ 17. Kh1 Rfc8 18. Rxc8 Rxc8 19. Rc1 Rxc1+ 1/2-1/2

[Event "Rochade Steele/Kray 1 - SV Horst-Emsche"]
[Site "Verbandsklasse, Gruppe 2 2017"]
[Date "2018.02.25"]
[Round "7.6"]
[White "Schmitz, Juergen"]
[Black "Rebentisch, Sebastian"]
[Result "0-1"]
[WhiteElo "1861"]
[BlackElo "1806"]
[PlyCount "60"]
[EventDate "2018.??.??"]

1. e4 e5 2. Nf3 Nc6 3. d4 exd4 4. Bc4 Bc5 5. O-O d6 6. c3 dxc3 7. Qb3 Qd7 8.
Bg5 cxb2 9. Qxb2 f6 10. Bf4 Nge7 11. a3 Ng6 12. Bg3 Nge5 13. Bxe5 Nxe5 14. Nxe5
fxe5 15. Qe2 Qg4 16. Qd3 c6 17. Nd2 Be6 18. Rab1 b5 19. Bb3 O-O 20. Qg3 Kh8 21.
Bxe6 Qxe6 22. Qc3 Rac8 23. Nf3 Qc4 24. Qxc4 bxc4 25. Rb7 Rb8 26. Rc7 c3 27. Ne1
Rb1 28. Nd3 c2 29. Rxc6 Rd1 30. Nc1 Bxf2+ 0-1

[Event "Rochade Steele/Kray 1 - SV Horst-Emsche"]
[Site "Verbandsklasse, Gruppe 2 2017"]
[Date "2018.02.25"]
[Round "7.7"]
[White "Laake, Reinhard"]
[Black "Borger, Alexander"]
[Result "1/2-1/2"]
[WhiteElo "1865"]
[BlackElo "1886"]
[PlyCount "32"]
[EventDate "2018.??.??"]

1. e4 c5 2. Nf3 Nc6 3. d4 cxd4 4. Nxd4 e6 5. Be3 Nf6 6. f3 Qc7 7. Be2 a6 8. Qd2
b5 9. O-O Be7 10. c3 Bb7 11. a4 bxa4 12. Rxa4 d5 13. exd5 Nxd5 14. Bf2 O-O 15.
Nxc6 Qxc6 16. Rc4 Qd7 1/2-1/2

[Event "Rochade Steele/Kray 1 - SV Horst-Emsche"]
[Site "Verbandsklasse, Gruppe 2 2017"]
[Date "2018.02.25"]
[Round "7.8"]
[White "Schroeder, Marcel"]
[Black "Kneip, Karl"]
[Result "1/2-1/2"]
[WhiteElo "1500"]
[BlackElo "1717"]
[PlyCount "43"]
[EventDate "2018.??.??"]

1. c4 c5 2. Nf3 e6 3. Nc3 a6 4. g3 Be7 5. Bg2 Nf6 6. O-O O-O 7. d4 cxd4 8. Nxd4
d6 9. Qb3 Qc7 10. Bd2 Nbd7 11. Na4 Nc5 12. Nxc5 dxc5 13. Nf3 Bd6 14. Qc2 h6 15.
Bc3 e5 16. Nd2 Bd7 17. Ne4 Nxe4 18. Qxe4 Bc6 19. Qd3 Bxg2 20. Kxg2 Rad8 21.
Rad1 Be7 22. Qc2 1/2-1/2

[Event "SK Germania Kupferdreh 1 - SV Günnigfel"]
[Site "Verbandsklasse, Gruppe 2 2017"]
[Date "2018.02.25"]
[Round "7.1"]
[White "Freisen, Thomas"]
[Black "Unteregge, Michael"]
[Result "1/2-1/2"]
[WhiteElo "2000"]
[BlackElo "2010"]
[PlyCount "20"]
[EventDate "2018.??.??"]

1. d4 Nf6 2. c4 e6 3. Nc3 Bb4 4. e3 O-O 5. Nf3 c5 6. Bd3 Bxc3+ 7. bxc3 d6 8.
O-O Nc6 9. Qe2 e5 10. d5 Ne7 1/2-1/2

[Event "SK Germania Kupferdreh 1 - SV Günnigfel"]
[Site "Verbandsklasse, Gruppe 2 2017"]
[Date "2018.02.25"]
[Round "7.3"]
[White "Markus, Peter"]
[Black "Zagrabski, Kevin"]
[Result "1/2-1/2"]
[WhiteElo "1935"]
[BlackElo "1883"]
[PlyCount "26"]
[EventDate "2018.??.??"]

1. e4 g6 2. d4 Bg7 3. Nc3 d6 4. Nf3 Nf6 5. Be2 O-O 6. O-O c5 7. d5 a6 8. a4 e5
9. Bg5 h6 10. Bh4 Qc7 11. h3 Nbd7 12. a5 Nh7 13. Bg3 f5 1/2-1/2

[Event "SK Germania Kupferdreh 1 - SV Günnigfel"]
[Site "Verbandsklasse, Gruppe 2 2017"]
[Date "2018.02.25"]
[Round "7.4"]
[White "Wuthcke, Dieter"]
[Black "Radi, Guenter"]
[Result "1/2-1/2"]
[WhiteElo "1820"]
[BlackElo "1891"]
[PlyCount "28"]
[EventDate "2018.??.??"]

1. d4 d5 2. c4 e6 3. Nf3 Nf6 4. e3 Be7 5. Nbd2 O-O 6. a3 Nbd7 7. b4 dxc4 8.
Nxc4 b6 9. Bb2 Bb7 10. Be2 Ne4 11. Rc1 Ndf6 12. O-O Nd6 13. Qc2 Rc8 14. Rfd1
Be4 1/2-1/2

[Event "SK Germania Kupferdreh 1 - SV Günnigfel"]
[Site "Verbandsklasse, Gruppe 2 2017"]
[Date "2018.02.25"]
[Round "7.5"]
[White "Funke, Eckhard"]
[Black "Degner, Friedhelm"]
[Result "1/2-1/2"]
[WhiteElo "1782"]
[BlackElo "1770"]
[PlyCount "25"]
[EventDate "2018.??.??"]

1. d4 Nf6 2. c4 e5 3. dxe5 Ne4 4. a3 Nc6 5. Nf3 Bc5 6. e3 a5 7. Be2 d6 8. Nbd2
f5 9. exf6 Nxf6 10. O-O O-O 11. b3 Bf5 12. Bb2 Qe7 13. Nd4 1/2-1/2

[Event "SK Germania Kupferdreh 1 - SV Günnigfel"]
[Site "Verbandsklasse, Gruppe 2 2017"]
[Date "2018.02.25"]
[Round "7.6"]
[White "Tiefenhoff, Christian"]
[Black "Brinkmann, Uwe"]
[Result "1/2-1/2"]
[WhiteElo "1965"]
[BlackElo "1932"]
[PlyCount "23"]
[EventDate "2018.??.??"]

1. d4 Nf6 2. Nf3 d5 3. e3 Bf5 4. Bd3 Bg6 5. Bxg6 hxg6 6. O-O e6 7. Nbd2 Bd6 8.
h3 Nbd7 9. Qe2 c6 10. e4 dxe4 11. Nxe4 Nxe4 12. Qxe4 1/2-1/2

[Event "Matt Inn Dortmund 1 - SG Höntrop 1"]
[Site "Verbandsklasse, Gruppe 2 2017"]
[Date "2018.02.25"]
[Round "7.1"]
[White "Oberbarnscheidt, Ludger"]
[Black "Schulenburg, Pit"]
[Result "1/2-1/2"]
[WhiteElo "2032"]
[BlackElo "2080"]
[PlyCount "30"]
[EventDate "2018.??.??"]

1. Nf3 g6 2. g3 f5 3. Bg2 Nf6 4. O-O Bg7 5. d4 O-O 6. Nbd2 d6 7. Re1 Nc6 8. e4
fxe4 9. Nxe4 Nxe4 10. Rxe4 Bf5 11. Re1 Qd7 12. c3 Kh8 13. d5 Ne5 14. Nxe5 Bxe5
15. Bg5 Rae8 {(=)} 1/2-1/2

[Event "Matt Inn Dortmund 1 - SG Höntrop 1"]
[Site "Verbandsklasse, Gruppe 2 2017"]
[Date "2018.02.25"]
[Round "7.2"]
[White "König, Christian"]
[Black "Rostek, Jörg"]
[Result "1-0"]
[WhiteElo "2028"]
[BlackElo "1954"]
[PlyCount "42"]
[EventDate "2018.??.??"]

1. e4 c6 2. d4 d5 3. Nc3 dxe4 4. Nxe4 Bf5 5. Ng3 Bg6 6. Nh3 e6 7. Bc4 Nf6 8.
Nf4 Nd5 9. Nxg6 hxg6 10. c3 Nd7 11. Ne4 Be7 12. Qf3 Qc7 13. h3 a6 14. Bd2 Rd8
15. O-O-O b5 16. Bb3 N7b6 17. Kb1 a5 18. a3 Rb8 19. g4 Nc4 20. Bc1 Qa7 21. h4
Ndb6 {und Schwarz gab abrupt auf oder ueberschritt die Zeit ...} 1-0

[Event "Matt Inn Dortmund 1 - SG Höntrop 1"]
[Site "Verbandsklasse, Gruppe 2 2017"]
[Date "2018.02.25"]
[Round "7.3"]
[White "Drzasga, Michael"]
[Black "Kromat, Stefan"]
[Result "1-0"]
[WhiteElo "1974"]
[BlackElo "1745"]
[PlyCount "75"]
[EventDate "2018.??.??"]

1. d4 d6 2. e4 Nf6 3. Nc3 Nbd7 4. Be3 e5 5. d5 Be7 6. f3 h6 7. Qd2 Nh5 8. Nh3
a6 9. O-O-O g5 10. g3 Nf8 11. Ne2 Ng6 12. Nf2 Bd7 13. Bh3 Bxh3 14. Nxh3 Qd7 15.
Nf2 Qd8 16. Nd3 a5 17. Kb1 Qd7 18. Rdf1 Nf6 19. c4 O-O 20. h4 Nh7 21. hxg5 Bxg5
22. f4 exf4 23. gxf4 Bf6 24. Rxh6 Bg7 25. f5 Bxh6 26. Bxh6 Ne5 27. Rg1+ Ng6 28.
Qc3 f6 29. Rxg6+ Kh8 30. Bxf8 Rxf8 31. Ndf4 Rf7 32. Ne6 Qa4 33. b3 Qe8 34. Qh3
a4 35. Qh6 Qe7 36. N2f4 axb3 37. axb3 b6 38. Rg2 1-0

[Event "Matt Inn Dortmund 1 - SG Höntrop 1"]
[Site "Verbandsklasse, Gruppe 2 2017"]
[Date "2018.02.25"]
[Round "7.4"]
[White "Fork, Raphael"]
[Black "Jedner, Volker"]
[Result "1-0"]
[WhiteElo "1841"]
[BlackElo "1832"]
[PlyCount "87"]
[EventDate "2018.??.??"]

1. e4 d6 2. d4 Nf6 3. Nc3 g6 4. Be2 c6 5. h4 b5 6. a3 h5 7. Bg5 Nbd7 8. Qd2 Qa5
9. O-O-O b4 10. axb4 Qa1+ 11. Nb1 Nxe4 12. Qe1 a5 13. b5 a4 14. Rh3 a3 15. Rxa3
Rxa3 16. bxa3 c5 17. Be3 cxd4 18. Rxd4 Ndc5 19. f3 Bg7 20. Qb4 Ng3 21. Rc4 O-O
22. Bd4 Bxd4 23. Rxd4 Bf5 24. Qb2 Qxb2+ 25. Kxb2 Rc8 26. Nc3 Ra8 27. Bc4 Kf8
28. Bd5 Rb8 29. Bc6 Bd7 30. Bxd7 Nxd7 31. Rb4 Nf5 32. Nge2 Ne3 33. g3 Nb6 34.
Kb3 Rc8 35. a4 Nbc4 36. f4 Nd2+ 37. Kb2 Nec4+ 38. Kc1 Nf3 39. Rb3 Nfd2 40. Rb4
Nf3 41. Nd1 Ne1 42. Rb3 Na5 43. Rc3 Nc4 44. Ne3 1-0

[Event "Matt Inn Dortmund 1 - SG Höntrop 1"]
[Site "Verbandsklasse, Gruppe 2 2017"]
[Date "2018.02.25"]
[Round "7.5"]
[White "Koch, Burkhard"]
[Black "Schmitz, Martin"]
[Result "0-1"]
[WhiteElo "1755"]
[BlackElo "1810"]
[PlyCount "106"]
[EventDate "2018.??.??"]

1. e4 c5 2. Nc3 Nc6 3. f4 g6 4. Nf3 Bg7 5. Bb5 e6 6. d3 Nge7 7. O-O O-O 8. Be3
b6 9. Bxc6 Nxc6 10. Qc1 d5 11. Bd2 dxe4 12. Nxe4 Nd4 13. Kh1 Qc7 14. Ne5 Bb7
15. c3 Nc6 16. Nc4 Rfd8 17. Qc2 Rd7 18. Rad1 Rad8 19. Bc1 Ba6 20. b3 Rd5 21.
Rf3 Bb7 22. Ne3 R5d7 23. Ng4 Ne7 24. Ngf6+ Bxf6 25. Nxf6+ Kg7 26. c4 Bxf3 27.
Nxd7 Bxg2+ 28. Qxg2 Rxd7 29. Bb2+ f6 30. Qg5 Qc6+ 31. Kg1 e5 32. Qg4 h5 33. Qe2
exf4 34. d4 f3 35. Qf2 cxd4 36. Rxd4 Rxd4 37. Qxd4 Nf5 38. Qd5 Qxd5 39. cxd5 g5
40. Kf2 g4 41. h3 Kf7 42. hxg4 hxg4 43. Bc1 Nd6 44. Bf4 Ne4+ 45. Ke3 Nc3 46.
Bb8 Nxd5+ 47. Kf2 a6 48. a4 Ke6 49. Ba7 Kf5 50. b4 Kf4 51. Bb8+ Ke4 52. b5 axb5
53. axb5 f5 0-1

[Event "Matt Inn Dortmund 1 - SG Höntrop 1"]
[Site "Verbandsklasse, Gruppe 2 2017"]
[Date "2018.02.25"]
[Round "7.6"]
[White "Meinike, Thorsten"]
[Black "Artz, Klaus"]
[Result "0-1"]
[WhiteElo "1721"]
[BlackElo "1844"]
[PlyCount "114"]
[EventDate "2018.??.??"]

1. d4 d5 2. c4 e6 3. Nc3 f5 4. Nf3 Nf6 5. g3 b6 6. Bg2 Bb7 7. O-O Be7 8. Ne5
O-O 9. b3 Nbd7 10. e3 a6 11. Qc2 g6 12. Bb2 Rc8 13. Rfd1 c6 14. Rac1 Bd6 15. f4
Qe7 16. Qd3 Rfd8 17. Qe2 Kg7 18. Nxd7 Rxd7 19. Na4 Bc7 20. a3 h6 21. c5 b5 22.
Nc3 g5 23. b4 Kh8 24. Bf1 Rg8 25. Qf3 Qg7 26. Bd3 g4 27. Qg2 h5 28. a4 Qh6 29.
axb5 axb5 30. Nxb5 Bb8 31. Nc3 Rh7 32. b5 h4 33. bxc6 Bxc6 34. Ne2 Kg7 35. Bc3
hxg3 36. Nxg3 Kg6 37. Rb1 Bc7 38. Rb2 Rgh8 39. Ra1 Bxf4 40. exf4 Qxf4 41. Qf2
Qxf2+ 42. Rxf2 Ne4 43. Nxe4 dxe4 44. d5 Bxd5 45. Bxh8 Rxh8 46. Bf1 e3 47. Rb2
f4 48. Rb4 Kg5 49. Raa4 e5 50. Bd3 g3 51. Be4 e2 52. Ra1 Bxe4 53. Rxe4 Rxh2 54.
Rxe5+ Kg4 55. Ra4 Rf2 56. Rae4 Kf3 57. Rxe2 Rxe2 0-1

[Event "Matt Inn Dortmund 1 - SG Höntrop 1"]
[Site "Verbandsklasse, Gruppe 2 2017"]
[Date "2018.02.25"]
[Round "7.7"]
[White "Barth, Hans-Joachim"]
[Black "Strauß, Erich"]
[Result "1-0"]
[WhiteElo "1677"]
[BlackElo "1737"]
[PlyCount "141"]
[EventDate "2018.??.??"]

1. c4 g6 2. g3 f6 3. Bg2 Nh6 4. d4 Nf7 5. Nf3 Bg7 6. Nc3 c6 7. O-O O-O 8. e4 d6
9. Be3 Bd7 10. Qd2 Qc8 11. Ne2 Bh3 12. Bxh3 Qxh3 13. Nf4 Qg4 14. Kg2 e5 15. h3
Qc8 16. dxe5 fxe5 17. Nd3 Nd7 18. Nh2 c5 19. Ng4 h5 20. Nh6+ Nxh6 21. Bxh6 Bxh6
22. Qxh6 Qe8 23. f4 exf4 24. Rae1 f3+ 25. Rxf3 Rxf3 26. Kxf3 Qf8+ 27. Qxf8+
Rxf8+ 28. Ke3 b6 29. a3 g5 30. h4 gxh4 31. gxh4 Ne5 32. Nxe5 dxe5 33. Rg1+ Kh7
34. Rg5 Kh6 35. Rxe5 Rf1 36. Re6+ Kg7 37. Re7+ Kf6 38. Rxa7 Re1+ 39. Kd3 Rh1
40. Rb7 Rxh4 41. Rxb6+ Ke5 42. Rb5 Rh3+ 43. Ke2 Kd4 44. b3 Re3+ 45. Kf2 Rxe4
46. a4 Rg4 47. a5 Rg8 48. Rb6 Kc3 49. a6 h4 50. a7 h3 51. Rb8 h2 52. a8=Q Rxb8
53. Qf3+ Kb4 54. Kg2 Ka3 55. Qc3 Rc8 56. Kxh2 Rg8 57. b4+ Ka4 58. bxc5 Rg2+ 59.
Kh3 Rh2+ 60. Kg4 Rh4+ 61. Kg5 Rh5+ 62. Kg6 Rg5+ 63. Kf6 Rxc5 (63... Rf5+ 64.
Ke6 $18) (63... Rg6+ 64. Kf7 $18) 64. Ke6 Rc6+ 65. Kf5 Rc5+ 66. Ke4 Rc8 67. c5
Kb5 68. Qb3+ Kc6 69. Qb6+ Kd7 70. Kd5 Rh8 71. Qb7+ 1-0

[Event "Matt Inn Dortmund 1 - SG Höntrop 1"]
[Site "Verbandsklasse, Gruppe 2 2017"]
[Date "2018.02.25"]
[Round "7.8"]
[White "Geiß, Jonas"]
[Black "Geistmeier, Frank"]
[Result "0-1"]
[WhiteElo "851"]
[BlackElo "1738"]
[PlyCount "54"]
[EventDate "2018.??.??"]

1. e4 e6 2. Nf3 d5 3. Nc3 d4 4. Ne2 c5 5. g3 Nc6 6. Bg2 e5 7. d3 Nf6 8. O-O Be7
9. c3 O-O 10. cxd4 cxd4 11. Bg5 h6 12. Bxf6 Bxf6 13. a3 Be6 14. b4 a6 15. Qd2
Qd7 16. h3 Bxh3 17. Bxh3 Qxh3 18. Rac1 Be7 19. a4 Bxb4 20. Qb2 a5 21. Nh2 f5
22. Kh1 Rad8 23. Qb3+ Kh8 24. Qe6 Qh5 25. exf5 Qxe2 26. Kg2 Qxd3 27. Ng4 Qxf5
0-1

[Event "SF Kirchhellen 1 - SK Sodingen/Castrop "]
[Site "Verbandsklasse, Gruppe 2 2017"]
[Date "2018.02.25"]
[Round "7.1"]
[White "Zobiegala, Christoph"]
[Black "Hoffterheide, Thomas"]
[Result "1/2-1/2"]
[WhiteElo "1880"]
[BlackElo "1957"]
[PlyCount "48"]
[EventDate "2018.??.??"]

1. e4 e5 2. Nf3 Nc6 3. Bb5 a6 4. Ba4 Nf6 5. O-O b5 6. Bb3 Be7 7. Re1 O-O 8. c3
d6 9. h3 Na5 10. Bc2 c5 11. d4 Qc7 12. Nbd2 Bb7 13. d5 Bc8 14. Nf1 Nc4 15. Ne3
Nxe3 16. Bxe3 Nd7 17. Nd2 Bf6 18. Nf1 Nb6 19. b3 Bd7 20. Ng3 a5 21. Nh5 Qd8 22.
Qf3 Kh8 23. Kh2 Be8 24. g4 Bg5 1/2-1/2